| 000 | 00718nam a2200217Ia 4500 | ||
|---|---|---|---|
| 008 | 240729s9999 xx 000 0 und d | ||
| 022 | _a1577-5097 | ||
| 245 | 0 | _aELCVIA Electronic Letters on Computer Vision and Image Analysis | |
| 260 | _aSpain | ||
| 260 | _bComputer Vision Center Press | ||
| 650 | _a Computer engineering. Computer hardware | Science | ||
| 650 | _a Electrical engineering. Electronics. Nuclear engineering | ||
| 650 | _a Electronic computers. Computer science | ||
| 650 | _a Electronics | ||
| 650 | _a Instruments and machines | ||
| 650 | _a Mathematics | ||
| 650 | _aTechnology | ||
| 856 | _uhttps://doaj.org/toc/a637f8111a9e4816a28b21991cefa761 | ||
| 942 | _2ddc | ||
| 942 | _cDOAJEJ | ||
| 999 |
_c70861 _d70861 |
||
| 945 |
_a1 _bMadushi Gamage _c1 _dMadushi Gamage |
||